| 000 | 00783nam1a22002291i 4500 | ||
|---|---|---|---|
| 001 | rc\85830 | ||
| 005 | 20260406162913.0 | ||
| 010 |
_a5872240193 _930000 |
||
| 035 | _a(NLR Aleph) 005391391 | ||
| 090 |
_a7190023 _c7190023 |
||
| 100 | _a20021216d1993 u |0rusy50 ca | ||
| 101 | 0 | _arus | |
| 102 | _aRU | ||
| 105 | _ay ||||||||| | ||
| 200 | 1 |
_aВозвращенный оккультизм, или Повесть о тонкой семерке _e[В 2 кн.] |
|
| 210 |
_aВоронеж _cИзд-во НПО "МОДЭК" _d1993 |
||
| 215 | _d20 | ||
| 700 | 1 |
_4070 _8rus _7ca _aПодводный _bА. Б. _f1953-2018 _gАвессалом Бонифатьевич _3RU\NLR\AUTH\779743 _9119553 |
|
| 801 | 0 |
_aRU _bNLR _gpsbo |
|
| 801 | 1 |
_aRU _bELAR _2rusmarc |
|
| 852 |
_aNLR _j93-3/3155 |
||
| 942 | _cBOOK | ||